Bioestadística : (Registro nro. 440)

Detalles MARC
000 -CABECERA
Campo de control 00899nam a2200253 i 4500
005 - FECHA Y HORA DE LA ULTIMA TRANSACCION
Campo de control 20191224041529.0
008 - ELEMENTOS DE LONGITUD FIJA—INFORMACION GENERAL
Campo de control 141020b xxu||||| |||| 00| 0 spa d
020 ## - ISBN
ISBN 9684514956
040 ## - FUENTE DE CATALOGACIÓN
Agencia catalogadora original CO-BoIAVH
Agencia transcriptora CO-BoIAVH
041 1# - IDIOMA
Código de idioma para texto/pista de sonido o título separado Español
Código de idioma de la versión original y/o traducciones intermedias del texto Inglés
082 04 - NUMERO DE CLASIFICACION DECIMAL DEWEY
Número de clasificación 570.15195
Número del ítem S81b
100 1# - ASIENTO PRINCIPAL--NOMBRE PERSONAL
Nombre personal Steel, Robert George D.
9 (RLIN) 51893
245 10 - MENCION DE TITULO
Título Bioestadística :
Parte restante del título principios y procedimientos /
Mención de responsabilidad Robert G. D. Steel, James H. Torrie ; traducción Ricardo Martínez B.
250 ## - MENCION DE EDICION
Mención de edición Segunda edición.
260 ## - PUBLICACION, DISTRIBUCION, ETC. (PIE DE IMPRENTA)
Lugar de publicación, distribución, etc. Bogotá :
Nombre del editor, distribuidor, etc. McGraw Hill,
Fecha de publicación, distribución, etc. 1985.
300 ## - DESCRIPCION FISICA
Extensión 622 p.
534 ## - NOTA DE VERSION ORIGINAL
Frase introductoria Título original :
Título del original Principles and procedures of statistics.
650 14 - ASIENTO SECUNDARIO DE MATERIA - TERMINO TEMATICO
Término temático o nombre geográfico como elemento de entrada Estadística matemática
9 (RLIN) 52812
650 24 - ASIENTO SECUNDARIO DE MATERIA - TERMINO TEMATICO
Término temático o nombre geográfico como elemento de entrada Estadística vital
9 (RLIN) 40122
650 24 - ASIENTO SECUNDARIO DE MATERIA - TERMINO TEMATICO
Término temático o nombre geográfico como elemento de entrada Estadística no paramétrica
9 (RLIN) 3550
700 1# - ASIENTO SECUNDARIO - NOMBRE PERSONAL
Nombre personal Torrie, James H.,
Término de relación autor.
9 (RLIN) 27942
700 1# - ASIENTO SECUNDARIO - NOMBRE PERSONAL
Nombre personal Martínez B., Ricardo,
Término de relación traductor.
9 (RLIN) 51896
942 ## - ELEMENTOS ADICIONALES (KOHA)
Tipo de ítem Libro
Sistema de clasificación Dewey Decimal Classification
Existencias
Withdrawn status Lost status Sistema de Clasificación Damaged status No para préstamo Colección Inventariado Ubicación Permanente Ubicación actual Fecha de adquisición Fuente de Valor Valor Total Checkouts Número topográfico Inventario / Código de Barras Date last seen Ejemplar Price effective from Tipo de material
    Dewey Decimal Classification     General Inventariado 2017 Bogotá Bogotá 01/05/1998 Instituto 30000.00   LB-570.15195 S81b 000608 04/12/2012 Ej. 1 04/12/2012 Libro
    Local     General   Villa de Leyva Villa de Leyva 01/05/1998 Instituto Nacional de los Recursos Naturales Renovables y del Medio Ambiente     LB-00421 004011 04/12/2012 Ej. 2 04/12/2012 Libro